000 00845nam a2200265Ia 4500
003 OSt
005 20220928130349.0
006 a|||||r|||| 00| 0
007 ta
008 220927b |||||||| |||| 00| 0 eng d
020 _c1020
024 _a124975
037 _b132, 01/10/2014, Classic Book Service
_cTextual
040 _aSDCL
_cSDCL
_beng
041 _2eng
_aeng
082 _aY15:(NT).2'P, Q0
100 _aDutt Bishnupriya
_9473690
245 0 _aEngendering performance
_b Indian women in search of an identity
260 _aNew Delhi
_bSage
_c2014
300 _axx;305p.
_ccm.
650 _aPolitical Science
700 _a Munsi Urmimala.Sarkar
_9473691
942 _hY15:(NT).2'P, Q0
_cTEXL
_2CC
999 _c786283
_d786283